Quiz Mythologie Egyptienne - Statistiques

Statistiques générales
  • Ce quiz a été pris 405 fois
  • Le résultat moyen est 11 sur 14
Statistiques - réponses
Question Réponse % Correct
Dans la mythologie égyptienne, quel est le nom du dieu souverain et juge suprême du royaume des Morts ? Osiris
98%
De quel animal le sphinx a-t-il le corps ? lion
96%
Selon le Livre des Morts, les défunts seront jugés lors d'un tribunal divin. De quelle manière ? par la pesée de l'âme
91%
Ce même dieu a été assassiné par son frère, qui le noya et le découpa en morceaux. Comment se nomme ce frère aimant ? Seth
90%
Qu'en est-il d'Anubis, dieu des nécropoles et des rites funéraires ? un chacal
84%
L’œil Oudjat, symbole protecteur de la mythologie égyptienne, est également connu comme étant l’œil... d'Horus
81%
Parmi ces propositions, laquelle désigne un pharaon du Nouvel Empire ? Thoutmôsis
81%
Quel animal représente Sobek, divinité des eaux fertiles du Nil, à la fois bienveillant et redoutable, parfois considéré comme le créateur de l'univers ? un crocodile
80%
La déesse de la justice, de la vérité et de l'ordre se nomme Maât. Vrai ou faux ? Vrai
77%
Quel pharaon a tenté d'instaurer un monothéisme autour du dieu Aton ? Akhenaton
73%
Que dieu égyptien est représenté avec une tête d'ibis ou une tête de babouin ? Thot
72%
"Le Livre des Demeures Secrètes" relate le périple du dieu Râ dans le monde souterrain pendant les douze heures de la nuit. Mais le grand serpent, dieu du mal et du chaos s'attaque à lui chaque nuit pour l'anéantir. Le nom de ce dieu ? Apophis
70%
Dans l’Égypte ancienne, le pharaon était considéré comme le prêtre suprême et le fils de Râ. Vrai ou faux ? Vrai
68%
Quel nom porte la déesse de l'amour et de la beauté dans la mythologie égyptienne ? Hathor
59%
Aucun quiz correspondant
Distribution des résultats
% des personnes avec chaque résultat
Percentile par nombre de réponses
Votre historique - résultats
Vous n’avez pas pris ce quiz